000 00767cab a22001935a 4500
001 L155463
008 120326e2012 xxk 000 0 eng d
035 _a(Sirsi) u155463
041 0 _aeng
110 2 _aProperty Week
_91549
245 0 0 _aFirst for forum as full figures for 2011 filed
260 _c2012
490 0 _aProperty Week
_v 78(11) 16 Match 2012, 42(1)
520 _aSummarises Manchester Office Agents' Forum's first full release of its annual take-up statistics (2011) for Manchester city centre and out-of-town. City centre take-up for 2011 totalled 700 000 sq ft, 47% down on 2010. Out-of-town figures for 2011 were 935 252 sq ft, 8% up on 2010.
590 _aKA
651 4 _aManchester
690 _aCommercial property
_96227
942 _n0
999 _c83869
_d83869